000 00321nam a2200157Ia 4500
100 _aLaxman/R.K
650 _aFiction
942 _cBK
366 _f17.5
245 _aCommon man meets the mantri
260 _bPenquin books
_c2000
082 _a808.83/LAX
_bLAX
300 _a224
546 _aENGLISH
999 _c24316
_d24316